000 00582nam a22002057a 4500
003 OSt
005 20210414101812.0
008 210311s1963 ||||| |||| 00| 0 eng d
040 _aeng
_beng
_cDLC
041 _aeng
080 _a821.111
_bD-16
100 _91380
_aDaly Elizabeth
245 _aNothing Can Rescue Me
_c/ by: A Berkley Medallion Book
260 _aNew York
_bA Berkley Medallion Book
_c1963
300 _a159 p.
365 _b0.5 usd
650 0 _9247
_aEnglish literature
653 _a ინგლისური ლიტერატურა
942 _2udc
_cBK
999 _c2151
_d2151